000 00295nam a2200121Ia 4500
008 211105s9999 xx 000 0 und d
020 _aVYASA02503
100 _aLal Basant Kumar
245 0 _aContemporary Indian Philosophy
250 _a\N
260 _bMotilal Banarsidass
_c\N
300 _a345p.
999 _c7048
_d7048